000 00991nam a2200253 a 4500
001 BRCA_6634
005 20190320205533.0
008 101011s1860----fr-abc####---#000-0#spa-#
041 _aspa
044 _afr
050 4 _aG150
_b.Ch37 1 1860
100 1 _aCharton, Eduardo
_d1807-1890
_916614
245 1 0 _aLos viajeros modernos o relaciones de los viajeros mas interesantes e instructivos que se hicierón en los siglos XV y XVI
_btraducida al castellano y arreglada en la parte relativa a Cristobal Colón y Hernán Cortes, bajo la dirección de Mariano Urrabieta
_cEduardo Charton.
260 _aParís
_bX de Lassalle y Melan
_c1860
300 _a421 p.
_bil. , 240 grabados, mapas, retratos
_c27 cm.
500 _aObra coronada y premiada por la Academia Frnacesa
500 _aEdición con cantos dorados
500 _aEjemplar igual a: L126
500 _aL125
504 _aBibliografía: p. 418-419
650 1 4 _aViajes y travesías
_94701
902 _aGFM
942 _2lcc
_cB
999 _c6318
_d6318